| 000 | 01130nam a2200289 i 4500 | ||
|---|---|---|---|
| 003 | DO-SdBNP | ||
| 005 | 20250224131445.0 | ||
| 007 | ta | ||
| 008 | 250224b1989 dr ||||| |||| 00| 0 spa d | ||
| 040 |
_aDO-SdBNP _bspa _cBNPHU _erda |
||
| 041 | _aspa | ||
| 082 | 4 |
_aRD861.44 _bM671h 1989 _222 |
|
| 100 | 1 |
_aMir, Pedro, _d1913-2000 _eautor _4aut. _97245 |
|
| 245 | 1 | 0 |
_aHay un país en el mundo y otros poemas de Pedro Mir / _cPedro Mir. |
| 264 | 4 |
_aSanto Domingo : _bEdidiciones de Taller, _c©1989. |
|
| 300 |
_a127 páginas ; _c20 cm. |
||
| 336 |
_btexto _atxt _2rdacontent |
||
| 337 |
_asin mediación _bn _2rdamedia |
||
| 338 |
_avolumen _bnc _2rdacarrier |
||
| 490 |
_aColección Biblioteca Taller ; _v81 |
||
| 505 | 2 |
_aHay un país en el mundo / _rDominí -- _tContracanto a Walt Whitman -- _tElegía del 14 de junio -- _tBalada del exiliado -- _tAl portaviones "Intrépido" -- _tConcierto de esperanza para la mano izquierda -- _tAmén de mariposas -- _tNi un paso atrás. |
|
| 590 | _aInventariado, 2025/BT | ||
| 650 | 4 |
_aPoesía dominicana _966 |
|
| 650 | 4 |
_aLiteratura dominicana. _967 |
|
| 910 | _aBtavárez | ||
| 942 |
_2ddc _cLBS1 |
||
| 999 |
_c58205 _d58205 |
||